000 00358nam a22001337a 4500
020 _a9788188458165
040 _cNust
082 _a620.1
_bKUM
100 _aKumar,. S. D. Dr
_9124191
245 _aEngineering Mechanics
_bStatics & Dynamics
260 _aNew Delhi:
_bS.K Kataria & Sons,
_c2012.
650 _aEngineering Mechanics
_959741
942 _2ddc
_cBK
999 _c610127
_d610127